000
00243nam a22001097a 4500
082
_a
621.3828 BER'A
100
_a
BERNSTEIN, JULIAN L
_9
56693
245
_a
AUDIO SYSTEMS
260
_a
NEWYORK
_b
JOHN WILEY
_c
1966
300
_a
409P
942
_c
BK
999
_c
567059
_d
567059